Gestion financiera publica : (Registro nro. 12718)
[ vista simple ]
| 000 -LEADER | |
|---|---|
| fixed length control field | 02114nam a2200265Ia 4500 |
| 003 - CONTROL NUMBER IDENTIFIER | |
| control field | OSt |
| 005 - DATE AND TIME OF LATEST TRANSACTION | |
| control field | 20211116161036.0 |
| 008 - FIXED-LENGTH DATA ELEMENTS--GENERAL INFORMATION | |
| fixed length control field | 210310s2007 ck ado gr 000 0 spa d |
| 020 ## - INTERNATIONAL STANDARD BOOK NUMBER | |
| International Standard Book Number | 9587101751 |
| 040 ## - CATALOGING SOURCE | |
| Original cataloging agency | CO-JMCR |
| Transcribing agency | CO-JMCR |
| 041 0# - LANGUAGE CODE | |
| Language code of text/sound track or separate title | spa |
| 082 04 - DEWEY DECIMAL CLASSIFICATION NUMBER | |
| Classification number | 339.3861 / |
| Item number | M539g |
| Edition number | 23 |
| 100 1# - MAIN ENTRY--PERSONAL NAME | |
| Personal name | Mendoza Hernández, Jose Francisco |
| Relator term | autor |
| 9 (RLIN) | 29029 |
| 245 10 - TITLE STATEMENT | |
| Title | Gestion financiera publica : |
| Remainder of title | elementos para su estudio y aplicación : funciones económicas del estado, presupuesto, tributos, endeudamiento, gasto público / |
| Statement of responsibility, etc. | José Francisco Mendoza Hernández |
| 250 ## - EDITION STATEMENT | |
| Edition statement | Primera edición |
| 260 ## - PUBLICATION, DISTRIBUTION, ETC. | |
| Place of publication, distribution, etc. | Bogotá : |
| Name of publisher, distributor, etc. | Universidad Externado de Colombia, |
| Date of publication, distribution, etc. | 2007. |
| 300 ## - PHYSICAL DESCRIPTION | |
| Extent | 567 páginas : |
| Other physical details | ilustraciones, gráficas y fotografía en blanco y negro ; |
| Dimensions | 24 cm. |
| 504 ## - BIBLIOGRAPHY, ETC. NOTE | |
| Bibliography, etc. note | Bibliografía : páginas 561-564. |
| 505 0# - FORMATTED CONTENTS NOTE | |
| Formatted contents note | El marco conceptual y normativo de la gestión financiera pública. -- El estado: ente regulador de procesos económicos y sociales. -- Los instrumentos de la intervención económica. -- Los objetivos de la intervención económica. -- El presupuesto público. -- Las fuentes de ingresos estatales. -- Principales impuestos de nivel nacional. -- Las finanzas territoriales. Tributación y otras fuentes de financiación departamental. -- Tributación y otras fuentes de ingresos municipales. -- La deuda pública. -- El gasto publico. -- |
| 520 0# - SUMMARY, ETC. | |
| Summary, etc. | En un Estado de economía de mercado, donde existe supremacía de la iniciativa privada pero con activa participación del gobierno, la gestión financiera pública se desarrolla en concordancia y paralela mente con las políticas económica en general y la fiscal en particular, y, por lo tanto, éstas tienen algunos medios o campos de acción comunes tales como los tributos, gasto y endeudamiento público, adecuadamente armonizados en un presupuesto anual que deberá corresponder a un plan de desarrollo. |
| 650 14 - SUBJECT ADDED ENTRY--TOPICAL TERM | |
| Topical term or geographic name entry element | Deuda pública territorial |
| General subdivision | Gestión financiera |
| 9 (RLIN) | 29031 |
| 650 24 - SUBJECT ADDED ENTRY--TOPICAL TERM | |
| Topical term or geographic name entry element | Ingresos municipales |
| General subdivision | Gestión financiera |
| 9 (RLIN) | 41540 |
| 650 24 - SUBJECT ADDED ENTRY--TOPICAL TERM | |
| Topical term or geographic name entry element | Gasto público |
| General subdivision | Gestión financiera |
| 9 (RLIN) | 41541 |
| 942 ## - ADDED ENTRY ELEMENTS (KOHA) | |
| Source of classification or shelving scheme | Dewey Decimal Classification |
| Koha item type | Books |
| Withdrawn status | Lost status | Source of classification or shelving scheme | Damaged status | Not for loan | Home library | Current library | Shelving location | Date acquired | Source of acquisition | Total Checkouts | Total Renewals | Full call number | Barcode | Date last seen | Date last checked out | Copy number | Price effective from | Koha item type |
|---|---|---|---|---|---|---|---|---|---|---|---|---|---|---|---|---|---|---|
| Dewey Decimal Classification | Biblioteca Pública José María del Castillo y Rada | Biblioteca Pública José María del Castillo y Rada | General Stacks | 04/15/2018 | Donación | 5 | 6 | 339.3861 / M539g | 430000085 | 05/16/2024 | 11/15/2023 | Ej.1 | 03/10/2021 | Books |